000 00801nam a22002417a 4500
008 150527b xxu||||| |||| 00| 0 eng d
020 _a9789280811100
041 0 _aeng
080 _a341.2
100 _aThakur,Ramesh.
245 0 0 _aInternational commissions and the power of ideas /
_cedited by Ramesh Thakur, Andrew F. Cooper, and John English.
260 _aTokyo ; New York :
_bUnited Nations University Press,
_cc2005.
300 _a317 p. ;
_c24 cm.
500 _aForeword : [X- XII]
505 _aIndex : [300-317]
650 0 _a.Agjensionet nderkombetare.
650 0 _aOrganizatat nderkombetare.
650 0 _aBashkepunimi nderkombetar.
700 1 _aThakur, Ramesh Chandra,
_d1948-
700 1 _aCooper, Andrew Fenton,
_d1950-
700 1 _aEnglish, John,
_d1945-
942 _2udc
_cBK
999 _c904
_d904